Kterak jsme vstupovali /

Hlavní autor: Telička, Pavel, 1965-
Další autoři: Barták, Karel, 1953-
Jazyk: Čeština
Vydáno: Praha ; Litomyšl : Paseka, 2003
Vydání: 1. vyd.
Témata:
Externí odkaz: Digitalizovaný dokument
Fyzický popis: 267 s., [16] s. barev. obr. příl. : barev. il. ; 21 cm
Knihy
Uloženo v:
LEADER 01994nam a2200529 a 4500
001 000671962
003 CZ BrMZK
005 20100521081510.0
007 ta
008 030528s2003 xr af e 000 mdcze d
015 |a cnb001241362 
020 |a 80-7185-585-5  |q (váz.) 
035 |a (OCoLC)53263927 
040 |a BOA001  |b cze 
043 |a e-xr---  |a e------ 
072 7 |a 327  |x Mezinárodní vztahy, světová politika  |2 Konspekt  |9 15 
080 |a 061.1EU  |2 MRF 
080 |a 32-051  |2 MRF 
080 |a 070.42  |2 MRF 
080 |a 341.71  |2 MRF 
080 |a 339.922  |2 MRF 
080 |a 339.923  |2 MRF 
080 |a 327  |2 MRF 
080 |a (437.3)  |2 MRF 
080 |a (4)  |2 MRF 
080 |a (047.53)  |2 MRF 
100 1 |a Telička, Pavel,  |d 1965-  |7 xx0009186  |4 aut 
245 1 0 |a Kterak jsme vstupovali /  |c Pavel Telička - Karel Barták 
250 |a 1. vyd. 
260 |a Praha ;  |a Litomyšl :  |b Paseka,  |c 2003 
300 |a 267 s., [16] s. barev. obr. příl. :  |b barev. il. ;  |c 21 cm 
500 |a Vydáno ve spolupráci s ČTK 
600 1 7 |a Telička, Pavel,  |d 1965-  |7 xx0009186  |2 czenas 
600 1 7 |a Barták, Karel,  |d 1953-  |7 jn20001103801  |2 czenas 
610 2 7 |a Evropská unie  |7 kn20010711086  |2 czenas 
650 0 7 |a zahraniční politika  |7 ph127522  |z Česko  |2 czenas 
650 0 7 |a diplomaté  |7 ph119471  |z Česko  |2 czenas 
650 0 7 |a novináři  |7 ph123339  |z Česko  |2 czenas 
650 0 7 |a rozšíření Evropské unie  |7 ph137465  |2 czenas 
650 0 7 |a evropská integrace  |7 ph137464  |z Česko  |2 czenas 
655 7 |a rozhovory  |7 fd133303  |2 czenas 
700 1 |a Barták, Karel,  |d 1953-  |7 jn20001103801  |4 aut 
856 4 1 |u http://www.digitalniknihovna.cz/mzk/uuid/uuid:e9621cd0-4ac9-11e3-ad8c-005056827e52  |y Digitalizovaný dokument  |x NDK 
910 |a BOA001  |b 2-1119.195 
990 |a BK 
996 6 |b 2610191108  |c 2-1119.195  |l MZK  |r Sklad / do 1 hodiny  |n 2  |p p.v.  |w 000671962  |u 000010  |a 1  |e BOA001  |j MZK50  |s P 
996 7 |b 2610191109  |c 2-1119.195  |l MZK  |r Sklad / do 1 hodiny  |n 24  |p kup  |w 000671962  |u 000020  |a 1  |e BOA001  |j MZK50  |s A